The magic of thinking big

Bibliographic Details
Main Author: Schwartz,David J.
Format: Book
Published: Kuala Lumpur : Pts Professional publishing , 2012
Subjects:

MARC

LEADER 00000cam a2200000 7i4500
001 0000052052
005 20150920.0
008 150915
020 |a 9789673690114 
090 0 0 |a 158.1   |b SCH 
100 0 |a Schwartz,David J. 
245 1 4 |a The magic of thinking big   |c David J.Schwartz 
260 |a Kuala Lumpur :   |b Pts Professional publishing ,   |c 2012 
300 |a 359pg. 
500 |a Includes Index 
650 0 |a Success   |x psychological aspectes 
999 |a 0001226448   |b Book   |c Adult Collection   |e Cawangan Tangkak 
999 |a 0001226451   |b Book   |c Adult Collection   |e Cawangan Muar 
999 |a 0001226452   |b Book   |c Adult Collection   |e Cawangan Kota Tinggi 
999 |a 0001226453   |b Book   |c Adult Collection   |e Cawangan Bandar Penawar 
999 |a 0001226454   |b Book   |c Adult Collection   |e Cawangan Mersing 
999 |a 0001226456   |b Book   |c Adult Collection   |e Cawangan Tmn. Ungku Tun Aminah 
999 |a 0001226457   |b Book   |c Adult Collection   |e Cawangan Bandar Penawar 
999 |a 0001226460   |b Book   |c Adult Collection   |e Cawangan Bandar Tenggara